| 000 | 00586nam a2200205Ia 4500 | ||
|---|---|---|---|
| 008 | 230125s9999 xx 000 0 und d | ||
| 020 | _a1-84112-339-0 | ||
| 041 | _aeng | ||
| 082 |
_a658.16 _bROM |
||
| 100 |
_aRomanek B _9111565 |
||
| 245 | _aMergers and Acquisitions | ||
| 260 |
_c2002 _bCapstone publication _aLondon |
||
| 300 | _a110p | ||
| 440 |
_aEssential Management Thinking At Your Fingertips Series _9107434 |
||
| 500 | _aSeries Book;Finance Series Book | ||
| 650 | _aManagement | ||
| 700 |
_aRomanek B & Krus C M _9111566 |
||
| 906 | _b24 | ||
| 999 |
_c88481 _d88481 |
||